Oxalic acid and the applicable law: the Rome convention and construction (Record no. 73150)

MARC details
000 -LEADER
fixed length control field 01384cam a2200193 4500
001 - CONTROL NUMBER
control field ABS66866
008 - FIXED-LENGTH DATA ELEMENTS--GENERAL INFORMATION
fixed length control field 030801n2003 000 0 eng u
035 ## - SYSTEM CONTROL NUMBER
System control number (Sirsi) u123174
100 ## - MAIN ENTRY--PERSONAL NAME
Personal name Britton, P.
245 ## - TITLE STATEMENT
Title Oxalic acid and the applicable law: the Rome convention and construction
260 ## - PUBLICATION, DISTRIBUTION, ETC.
Date of publication, distribution, etc. 2003
490 ## - SERIES STATEMENT
Series statement International Construction Law Review
Volume/sequential designation 20(3) July 2003, 381-400(20)
520 ## - SUMMARY, ETC.
Summary, etc. Looks at how the uniform European contractual rules on the choice of law used work. Examines whether they produce clear and intelligible outcomes for construction cases. Outlines the background to the "Convention on the law applicable to contractual obligations 1980", detailing its scope and analysing the mechanisms that can be used in the choice of international law. Advises against relying on an implied choice; suggests noting that works identify the party of characteristic performance; and warns that factors that may negate the relevant presumption should be avoided. Recommends that a subsidiary contract cannot be assumed to have the same applicable law as the main contract and notes that special presumption about immovables should be should looked out for. Tables.
590 ## - LOCAL NOTE (RLIN)
Local note ABS
650 ## - SUBJECT ADDED ENTRY--TOPICAL TERM
Topical term or geographic name entry element CONTRACT LAW
650 ## - SUBJECT ADDED ENTRY--TOPICAL TERM
Topical term or geographic name entry element CONVENTION ON THE LAW APPLICABLE TO CONTRACTUAL OBLIGATIONS 1980
690 ## - LOCAL SUBJECT ADDED ENTRY--TOPICAL TERM (OCLC, RLIN)
Topical term or geographic name as entry element BUILT ENVIRONMENT-BUILDING CONTRACT FORMS
942 ## - ADDED ENTRY ELEMENTS (KOHA)
Suppress in OPAC 0
Holdings
Withdrawn status Lost status Source of classification or shelving scheme Damaged status Not for loan Home library Current library Shelving location Date acquired Total Checkouts Full call number Barcode Date last seen Copy number Price effective from Koha item type
    Dewey Decimal Classification     London London Journal article 01/08/2003   ABS66866 123174-1001 06/08/2019 1 06/08/2019 Journal article